000 00799nam a22002175i 4500
001 161652
003 ES-MaACL
005 20260126133617.0
008 990215s1858 fr |||| | fre d
040 _aCCPB | B
_bspa
_cCCPB | B
100 1 _aPellisson.
_9130950
245 1 0 _aHistoire de l'Académie Française /
_cpar Pellisson et d'Olivet ; avec une introduction, des éclaircissements et notes par Ch.-L. Livet.
260 _aParis :
_bDidier et C\pie\s,
_c1858 (
_fImprimerie de P.-A. Bourdier)
300 _a2 v. ;
_c22 cm.
610 0 4 _aAcadémie française-
_vHistoria
_91234
700 1 0 _aOlivet, d'.
_9130633
700 1 1 _aLivet, Charles Louis (
_d1828-1897),
_eannot.
_9151838
752 _aFrancia -
_dParís
852 _aES-MaACL
_jF-67-68
_z-- Rúst.
999 _c161652
_d161652